Essentials of global health / (Record no. 99107)

MARC details
000 -LEADER
fixed length control field 01617nam a22003257a 4500
003 - CONTROL NUMBER IDENTIFIER
control field URS
005 - DATE AND TIME OF LATEST TRANSACTION
control field 20260408090636.0
008 - FIXED-LENGTH DATA ELEMENTS--GENERAL INFORMATION
fixed length control field 260318b |||||||| |||| 00| 0 eng d
020 ## - INTERNATIONAL STANDARD BOOK NUMBER
International Standard Book Number 978-0-70206-607-8
040 ## - CATALOGING SOURCE
Transcribing agency URS
Language of cataloging English
Description conventions rda
050 00 - LIBRARY OF CONGRESS CALL NUMBER
Classification number RA441
Item number .Es745s 2019
245 10 - TITLE STATEMENT
Title Essentials of global health /
Statement of responsibility, etc edited by Babulal Sethia , Parveen J. Kumar.
250 ## - EDITION STATEMENT
Edition statement 1st edition.
264 ## - PUBLICATION, DISTRIBUTION, ETC. (IMPRINT)
Place of publication, distribution, etc Amsterdam :
Name of publisher, distributor, etc Elsevier,
Date of publication, distribution, etc ©2019.
300 ## - PHYSICAL DESCRIPTION
Extent xxi, 292 pages :
Other physical details color illustrations ;
Dimensions 23 cm.
336 ## - CONTENT TYPE
Content type term text
Content type code txt
Source rdacontent
337 ## - MEDIA TYPE
Media type term unmediated
Media type code n
Source rdamedia
338 ## - CARRIER TYPE
Carrier type term volume
Carrier type code nc
Source rdacarrier
504 ## - BIBLIOGRAPHY, ETC. NOTE
Bibliography, etc Includes bibliographical references and index.
505 0# - FORMATTED CONTENTS NOTE
Formatted contents note The principles and goals of global health -- Health determinants, measurements, and trends -- Health, education, poverty and the economy -- Ethical and human rights concerns in global health -- An introduction to health systems -- Culture and health -- The environment and health -- Nutrition and global health -- Women's health -- Child health -- Communicable diseases -- Non-communicable diseases -- Unintentional injuries -- Natural disasters and complex humanitarian emergencies -- Working together to improve global health -- Science, technology, and global health.
650 #0 - SUBJECT ADDED ENTRY--TOPICAL TERM
Topical term or geographic name as entry element World health.
650 #0 - SUBJECT ADDED ENTRY--TOPICAL TERM
Topical term or geographic name as entry element Public health
Geographic subdivision Developing countries.
650 #0 - SUBJECT ADDED ENTRY--TOPICAL TERM
Topical term or geographic name as entry element Public health
General subdivision International cooperation.
650 12 - SUBJECT ADDED ENTRY--TOPICAL TERM
Topical term or geographic name as entry element World Health.
650 22 - SUBJECT ADDED ENTRY--TOPICAL TERM
Topical term or geographic name as entry element Health Services Accessibility.
650 22 - SUBJECT ADDED ENTRY--TOPICAL TERM
Topical term or geographic name as entry element Public Health.
700 ## - ADDED ENTRY--PERSONAL NAME
Personal name Sethia , Babulal,
Relator term editor.
700 ## - ADDED ENTRY--PERSONAL NAME
Personal name Kumar, BParveen J.,
Relator term editor.
942 ## - ADDED ENTRY ELEMENTS (KOHA)
Source of classification or shelving scheme Library of Congress Classification
Koha item type Reserved Books
Holdings
Withdrawn status Lost status Source of classification or shelving scheme Damaged status Not for loan Collection code Home library Current library Shelving location Date acquired Source of acquisition Cost, normal purchase price Total Checkouts Full call number Barcode Date last seen Copy number Cost, replacement price Price effective from Koha item type
    Library of Congress Classification     Non-fiction Taytay College Library Taytay College Library Medicine Collection 03/18/2026 Purchased 2497.00   RA441 .Es745s 2019 URSTAY-6088 03/18/2026 1 2497.00 03/18/2026 Reserved Books

University of Rizal System
Email us at univlibservices@urs.edu.ph

Visit our Website www.urs.edu.ph/library